000 00389 a2200145 4500
001 167317
020 _a
040 _cMagnum
100 _aSantos, Santa Marli Pires Dos
240 1 0 _aBrinquedo e infancia: um guia para pais e educadores em creche
_lpor
245 1 0 _aBrinquedo e infancia: um guia para pais e educadores em creche
362 0 _a1899
697 _aENSINO
942 _cBK
999 _c167317
_d167317